000 00286nam a2200121Ia 4500
008 190216s9999||||xx |||||||||||||| ||und||
100 _aRuddar Dutt And Sundharam Kpm
245 0 _aIndian Economy
260 _bS Chand & Co
_c1995
300 _a844p
650 _aEconomics
942 _cBK
999 _c10151
_d10151